000 02532cam a22005654i 4500
003 PE-LiUPU
005 20250731180142.0
008 150706s r 000 0 d
020 _a9789708170697
035 _a(Sirsi) i9789708170697
040 _aPE-LiUPU
_bspa
_cPE-LiUPU
_erda
049 _aPRUA
082 0 4 _a515.43
_bR68
_221
100 1 _aRivera, Figueroa, Antonio,
_eautor.
245 1 0 _aCálculo y sus fundamentos para ingeniería y ciencias /
_cAntonio Rivera Figueroa.
264 1 _aMéxico :
_bGrupo Editorial Patria,
_c2007.
300 _a642 páginas :
_bilustraciones ;
_c27 centímetros
336 _atext
_2rdacontent
337 _aunmediated
_2rdamedia
338 _avolume
_2rdacarrier
505 0 _aLos números reales -- Funciones -- Funciones elementales -- Sucesiones y series de reales -- Límite y continuidad -- Razón de cambio y derivada -- Información reveladora de las funciones -- Aplicaciones de la derivada -- Integral -- Teorema fundamental del cálculo -- Métodos de integración -- Aplicaciones de la integral.
526 _aSEG44
526 _aSEG26
526 _aP159
526 _aP155
526 _aP154
526 _aP153
526 _aP150
526 _aP100
526 _aP31
526 _aP30
526 _aP26
526 _aP25
526 _aP24
526 _aP22
526 _aP15
526 _aP10
541 _g015-0016191;
541 _g015-0011404;
650 0 4 _aCálculo integral
_vProblemas, ejercicios, etc.
650 0 4 _aCálculo integral
_xEstudio y enseñanza.
910 _agl
_bjv
_cng
_d20100420
942 _2ddc
_cBOOK
949 _a515.43 R68
_wDEWEY
_c1
_i61315
_d2015-8-21
_e2015-8-20
_lCCODEBUL1
_mBUL
_n1
_p43.00
_r0
_sY
_tBOOK
_u2015-7-6
_xINGENIERIA
_zUNKNOWN
_0COMPRA
_o.STAFF. Colección General
949 _a515.43 R68
_wDEWEY
_c2
_i69128
_d2016-3-31
_e2016-3-28
_lCCODEBUL1
_mBUL
_n1
_p22.00
_r0
_sY
_tBOOK
_u2015-7-6
_xINGENIERIA
_PP24
_0COMPRA
_o.STAFF. Colección General
994 _aC0
_bPEPRU
596 _a1
999 _a515.43 R68
_wDEWEY
_c50577
_i61315
_d50577
_e2019-9-8
_f2021-11-9
_g7
_lCCODEBUL1
_mBUL
_n6
_p43.00
_q1
_r0
_sY
_tBOOK
_u2015-7-6
_xINGENIERIA
_zUNKNOWN
_0COMPRA
_o.STAFF. Colección General
999 _a515.43 R68
_wDEWEY
_c2
_i69128
_d2018-9-13
_e2018-9-2
_f2021-11-9
_g7
_lCCODEBUL1
_mBUL
_n11
_p22.00
_q7
_r0
_sY
_tBOOK
_u2015-7-6
_xINGENIERIA
_PP24
_0COMPRA
_o.STAFF. Colección General
980 _81
_gALBERTO SANCHEZ Responsable de Automatización